| 000 | 00742nam a2200253 a 4500 | ||
|---|---|---|---|
| 001 | 66125 | ||
| 003 | BD-RjUL | ||
| 005 | 20211209081513.0 | ||
| 008 | 170314r20122008ii a|||| |||| 001 0 eng d | ||
| 020 | _a9788173716744 | ||
| 035 | _a(BD-RjUL)66255 | ||
| 040 |
_aBD-RjUL _beng _cBD-RjUL _dBD-RjUL |
||
| 041 | _aeng | ||
| 082 |
_223 _a579 _bANT 2012 |
||
| 100 | 1 |
_a Ananthanarayan, R. _9195632 |
|
| 245 | 1 | 0 |
_aTextbook of microbiology / _cR Ananthanarayan and Paniker's. |
| 250 | _a8th ed. | ||
| 260 |
_aNew Delhi : _bUniversity Press, _c2009 [ reprinted 2012 ]. |
||
| 300 |
_ax, 746 p. : _b ill. ; _c24 cm. |
||
| 500 | _aIncludes index. | ||
| 650 |
_aMicrobiology. _9113916 |
||
| 700 |
_aPaniker, C.K. Jayaram _9195633 |
||
| 942 |
_2ddc _cBK |
||
| 999 |
_c66125 _d66125 |
||